Internacionalizácia marketingových činností podnikov bakalárska práca

Salvato in:
Dettagli Bibliografici
Autore principale: Jenčová, Lenka
Ente Autore: Obchodná fakulta EU. Katedra marketingu
Altri autori: Nekolová, Veronika, 1984-
Natura: Libro
Lingua:slovacco
Pubblicazione: Bratislava 2011
Tags: Aggiungi Tag
Nessun Tag, puoi essere il primo ad aggiungerne!!

MARC

LEADER 00000nbm a2200000 4500
001 0150844
005 20120523125434.0
041 0 |a slo 
044 |a SK 
245 1 0 |a Internacionalizácia marketingových činností podnikov  |b bakalárska práca  |c Lenka Jenčová ; školiteľ: Veronika Nekolová 
264 1 |a Bratislava  |c 2011 
300 |a 68 s. 
100 1 |a Jenčová, Lenka 
700 1 |a Nekolová, Veronika, 1984- 
710 2 |a Obchodná fakulta EU. Katedra marketingu